00700nam a22002177a 450000500170000001000130001702000230003003500130005303700160006604000120008208200130009410000190010724501270012626000400025327000490029330000310034265000290037365000380040270000200044070000220046020170124110206.0 aB-063990 c400.00a8176030473 aB-063990 bCen Lib/Ret aDPLbEN a954bPUR aPuri, Gopal K. aIndian history :cby Gopal K. Puri, Shabnam Sharma [and] Madhu Bala Julka bfor civil services (I.A.S.) preliminary exam / aNew DelhibIIMS publications c1991 a6/18, Jangpura extension bNew Delhie110014 avarious pagings c22cm(Hb) aIndian history -- I.A.S. aPolity and society -- exam guide  aSharma, Shabnam aJulka, Madhu Bala